साधना पथःजीवन के परम लक्ष्य को प्राप्त करने के सुगम मार्ग (Record no. 8073)
[ view plain ]
| 000 -LEADER | |
|---|---|
| fixed length control field | 01328 a2200241 4500 |
| 005 - DATE AND TIME OF LATEST TRANSACTION | |
| control field | 20080922104123.0 |
| 008 - FIXED-LENGTH DATA ELEMENTS--GENERAL INFORMATION | |
| fixed length control field | 080922t xxu||||| |||| 00| 0 hin d |
| 010 ## - LCCN (DPL NO) | |
| LC control number | HIN-81284 |
| 020 ## - INTERNATIONAL STANDARD BOOK NUMBER | |
| International Standard Book Number | 8188099570 |
| Terms of availability | 225.00 |
| 035 ## - SYSTEM CONTROL NUMBER | |
| System control number | HN-53630 |
| 037 ## - SOURCE OF ACQUISITION | |
| Source of stock number/acquisition | D.B.Act / ven |
| 082 ## - DEWEY DECIMAL CLASSIFICATION NUMBER | |
| Classification number | 181.499 |
| 245 ## - TITLE STATEMENT | |
| Title | साधना पथःजीवन के परम लक्ष्य को प्राप्त करने के सुगम मार्ग |
| Statement of responsibility, etc | संकलन एवं संपादक गंगा प्रसाद शर्मा |
| 246 ## - VARYING FORM OF TITLE | |
| Title proper/short title | Shadhna Path |
| Remainder of title | Ed by Ganga Prasad Sharma |
| 260 ## - PUBLICATION, DISTRIBUTION, ETC. (IMPRINT) | |
| Place of publication, distribution, etc | दिल्ली |
| Name of publisher, distributor, etc | मनोज पब्लिकेशन्स |
| Date of publication, distribution, etc | 2007 |
| 260 ## - PUBLICATION, DISTRIBUTION, ETC. (IMPRINT) | |
| Place of publication, distribution, etc | जयपुर |
| Name of publisher, distributor, etc | अनु प्रकाशन (वितरक) |
| 270 ## - ADDRESS | |
| Address | मनोज |
| 270 ## - ADDRESS | |
| Address | 958, धामाणी मार्केट की गली, चौड़ा रास्ता |
| 300 ## - PHYSICAL DESCRIPTION | |
| Extent | 190पृ |
| Dimensions | 22 सेमी (सजिल्द) |
| 700 ## - ADDED ENTRY--PERSONAL NAME | |
| Personal name | शर्मा, गंगा प्रसाद |
| 942 ## - ADDED ENTRY ELEMENTS (KOHA) | |
| Institution code [OBSOLETE] | dpl |
| Item type | Hindi Books |
| Call number prefix | 181.499 / साधना |
| Source of classification or shelving scheme | Dewey Decimal Classification |
| Classification part | 181.499 |
| Call number suffix | साधना |
| Withdrawn status | Lost status | Source of classification or shelving scheme | Damaged status | Not for loan | Home library | Current library | Date acquired | Cost, normal purchase price | Total Checkouts | Full call number | Barcode | Date last seen | Copy number | Cost, replacement price | Koha item type |
|---|---|---|---|---|---|---|---|---|---|---|---|---|---|---|---|
| Dewey Decimal Classification | D.B.Act.Division | D.B.Act.Division | 22/09/2008 | 225.00 | 181.499 साधना | HN-53630 | 15/09/2008 | 1 | 225.00 | Hindi Books |
